01043cam a2200157 a 4500020004000000040000800040082002900048100002700077245008600104246003700190260005600227300004900283520050100332650002500833650002700858 a0813015162 (cloth : acidfree paper) cDLC00a712 UPF 1997 C148 Or.aB1 aJackson, Faith Reyher,10aPioneer of tropical landscape architecture :bWilliam Lyman Phillips in Florida /30aTropical landscape architecture. aGainesville :bUniversity Press of Florida,cc1997. axxi, 274 p. :bill., plans, ports. ;c23 cm. a"William Lyman Phillips (1885-1966) played a seminal role in the landscaping of Florida and in the history of landscape architecture, designing the world famous Fairchild Tropical Garden in Miami (begun in 1938) as well as hundreds of other sites, four of them on the National Register. This biography, brings to life the story of the quiet, self-effacing man whose love of Florida's tropical and subtropical botany has had such a profound influence on the way Florida looks today."--BOOK JACKET. 0aLandscape architects 0aLandscape architecture